Journal of Learning and Teaching in Digital Age (JOLTIDA) (Запис № 410155)

МАРК-запис
000 -Лідер
fixed length control field 01310nam a22002417a 4500
003 - Ідентифікатор контрольного номера
control field UA-OsUOA
001 - Контрольний номер
control field 136635
007 - Фіксоване поле фізичного опису
fixed length control field ta
008 - Елементи даних фіксованої довжини – загальна інформація
fixed length control field 20190404b un ||||| |||| 00| 0 ukr d
090 ## - Локальний шифр розміщення
Авторський знак (НП) J-12
040 ## - Джерело каталогізації
Агенція оригінальної каталогізації UA-OsUOA
Мова каталогізації eng
Агенція, яка здійснювала перезапис UA-OsUOA
Агенція, яка здійснювала модифікацію UA-OsUOA
041 ## - Код мови
Код мови тексту/ звукової доріжки чи окремого заголовка (П) eng
245 ## - Відомості про назву
Назва (НП) Journal of Learning and Teaching in Digital Age (JOLTIDA)
Дані про відповідальність (НП) PhD, Mehmet Ocak, Editor-in-Chief, Turkey
260 ## - Публікація, розповсюдження і т.п. (Вихідні дані)
Дата публікації, розповсюдження і т.п. (П) 2017
246 31 - Інша форма назви
Назва (НП) (JOLTIDA)
Номер частини/ розділ роботи (П) 1
520 3# - Резюме і т.п.
Резюме, реферат, анотація, тощо (НП) Journal of Learning and Teaching in Dijital Age focuses on research and development of learning and teaching activities supported with digital technologies in K-12, higher education, and business environments. The journal welcomes research and develop
520 3# - Резюме і т.п.
Резюме, реферат, анотація, тощо (НП) ment studies that aim to improve learning outcomes and teaching practices by integrating digital technologies into learning environments and learning and teaching activities. The types of studies include, but not limited to, experimental studies, need
520 3# - Резюме і т.п.
Резюме, реферат, анотація, тощо (НП) s assesments, developmental research, usability studies in K-12, higher education, and business training contexts with emphasis on improving learning outcomes and teaching practices for learners and professionals.
650 #7 - Додаткове предметне введення – тематичний термін
Джерело заголовка чи терміна UDC
856 40 - Електронне місцезнаходження та доступ
Уніфікований ідентифікатор ресурсу (П) http://joltida.org/index.php/joltida/issue/view/4
942 ## - Додаткові елементи входу (Коха)
Тип елемента Koha Номер журналу
955 ## - Код типу видання за змістом
Код типу видання за змістом (НП) Наукові видання

Немає доступних примірників.